00865nam a2200181 a 450000100100000000500170001000800410002704000250006810000490009324501010014226000380024330000250028159000760030665100610038265100460044395201770048999900170066600003544120200930074338.0111031s1946 pr 000 0 spa d aDO-SdBNPbspacBNPHU1 aSoltero Peralta, Juan Enrique,d1895-96127613aEl camino de la libertad :bPuerto Rico frente a su destino /cpor Juan Enrique Soltero Peralta. aPuerto Rico :b"Libertad",c1946. axv, 454 p. ;c20 cm. aPerteneció a la biblioteca personal de Juan Isidro Jimenes Grullón. 4aPuerto RicoxCondiciones Económicasy1918-1952.961277 4aPuerto RicoxPolítica Y Gobierno912599 001050718MOaGRbGRcHDd2011-10-31iLF1l0o p35441-10r2020-06-25w2020-06-25y1zPerteneció a la biblioteca personal de Juan Isidro Jimenes GrullónZNo se presta c34932d34932